[Event "Mittelfranken Landesliga Nord 2223"]
[Site "Mittelfranken"]
[Date "2023.01.15"]
[Round "5.3"]
[White "Kraft, Volker"]
[Black "Rupp, Markus"]
[Result "1-0"]
[WhiteElo "2327"]
[BlackElo "2154"]
[PlyCount "61"]
[EventDate "2022.10.09"]
[EventType "team-tourn"]
[EventRounds "9"]
[EventCountry "GER"]
[SourceTitle "EXT 2024"]
[Source "ChessBase"]
[SourceDate "2023.10.10"]
[SourceVersion "1"]
[SourceVersionDate "2023.10.10"]
[SourceQuality "1"]
[WhiteTeam "Nuernberg Sued SW"]
[BlackTeam "Wuerzburg"]
[WhiteTeamCountry "GER"]
[BlackTeamCountry "GER"]

1. e4 e6 2. d4 d5 3. e5 c5 4. c3 Nc6 5. Nf3 Bd7 6. Bd3 cxd4 7. 0-0 Qb6 8. Re1 Nge7 9. h4 Rc8 10. h5 Rc7 11. a3 Nc8 12. Bc2 N8e7 13. cxd4 Nf5 14. Nc3 Ncxd4 15. Nxd4 Qxd4 16. Qe2 Bc5 17. Rd1 Qh4 18. Bxf5 exf5 19. Nxd5 Rc8 20. h6 0-0 21. Be3 Be6 22. hxg7 Kxg7 23. Nf4 Bxe3 24. Qxe3 b6 25. Rd4 Qh6 26. Nxe6+ Qxe6 27. Rd6 Qe7 28. Rad1 Rc5 29. e6 Qh4 30. R1d4 Rc1+ 31. Qxc1 1-0

[Event "Landesliga Nord 1718"]
[Site "Bayern"]
[Date "2018.01.21"]
[Round "5.2"]
[White "Pfadenhauer, Johannes"]
[Black "Rupp, Markus"]
[Result "1-0"]
[WhiteElo "2136"]
[BlackElo "2174"]
[PlyCount "97"]
[EventDate "2017.10.22"]
[EventType "team-tourn"]
[EventRounds "9"]
[EventCountry "GER"]
[SourceTitle "EXT 2022"]
[Source "ChessBase"]
[SourceDate "2021.10.06"]
[SourceVersion "1"]
[SourceVersionDate "2021.10.06"]
[SourceQuality "1"]
[WhiteTeam "Bindlach Aktionaer II"]
[BlackTeam "Wuerzburg"]
[WhiteTeamCountry "GER"]
[BlackTeamCountry "GER"]

1. d4 Nf6 2. c4 e6 3. Nf3 Bb4+ 4. Bd2 a5 5. g3 d5 6. Bg2 dxc4 7. Qc2 Nc6 8. Qxc4 Qd5 9. Qd3 Qe4 10. Qxe4 Nxe4 11. a3 Bd6 12. Be3 Bd7 13. Nbd2 Nxd2 14. Nxd2 Ke7 15. Nc4 Rab8 16. 0-0 b5 17. Nxd6 cxd6 18. Rac1 Rhc8 19. d5 Ne5 20. Ba7 Rxc1 21. Rxc1 Rc8 22. Rxc8 Bxc8 23. dxe6 Bxe6 24. Bd4 g6 25. f4 Nc4 26. Kf2 Kd7 27. e4 Kc7 28. Ke2 b4 29. axb4 axb4 30. Kd3 f5 31. exf5 gxf5 32. Bf3 Na5 33. h3 Nb3 34. g4 Nc5+ 35. Ke3 fxg4 36. hxg4 Kd8 37. f5 Bb3 38. Kf4 Ke7 39. Kg5 Kf7 40. Bc6 Bc4 41. Kh6 Kg8 42. g5 Nd3 43. Be4 Nf4 44. Be3 Nd3 45. f6 Nxb2 46. Bxh7+ Kf8 47. g6 Nd3 48. g7+ Ke8 49. Bxd3 1-0

[Event "Regionalliga NW 1617"]
[Site "Bayern"]
[Date "2017.04.02"]
[Round "8.2"]
[White "Rupp, Markus"]
[Black "Guenther, Ruediger"]
[Result "1-0"]
[WhiteElo "2226"]
[BlackElo "2061"]
[PlyCount "151"]
[EventDate "2016.10.16"]
[EventType "team-tourn"]
[EventRounds "9"]
[EventCountry "GER"]
[SourceTitle "EXT 2019"]
[Source "ChessBase"]
[SourceDate "2018.10.10"]
[SourceVersion "1"]
[SourceVersionDate "2018.10.10"]
[SourceQuality "1"]
[WhiteTeam "Wuerzburg"]
[BlackTeam "Weidhausen"]
[WhiteTeamCountry "GER"]
[BlackTeamCountry "GER"]

1. Nf3 Nf6 2. g3 g6 3. b3 c5 4. Bb2 Bg7 5. Bg2 0-0 6. 0-0 Nc6 7. c4 d6 8. Nc3 Rb8 9. d4 cxd4 10. Nxd4 Bd7 11. Rc1 Re8 12. Qd2 a6 13. Rfd1 Qc8 14. Nd5 Nxd4 15. Qxd4 Bc6 16. Rd2 Bxd5 17. cxd5 Qd7 18. Qb4 Rbc8 19. Rdc2 Rxc2 20. Rxc2 Rc8 21. Rxc8+ Qxc8 22. Qc4 Qxc4 23. bxc4 Nd7 24. Ba3 Kf8 25. e3 Ke8 26. Bb4 b6 27. f4 a5 28. Bd2 Nc5 29. Kf1 Kd7 30. Ke2 h5 31. Kd1 e5 32. dxe6+ fxe6 33. Kc2 Ke7 34. Bc6 Bf6 35. h3 h4 36. g4 e5 37. g5 Bg7 38. Bd5 exf4 39. exf4 Bd4 40. Bf3 a4 41. Bd5 Kf8 42. Kd1 a3 43. Kc2 Ke7 44. f5 gxf5 45. Be1 Kf8 46. Bxh4 Kg7 47. Bg3 Be5 48. Bf2 Kg6 49. h4 Ne4 50. Bxb6 Bg3 51. Bxe4 fxe4 52. Bc7 Bxh4 53. Bxd6 Bxg5 54. Bxa3 Kf7 55. Bc5 Ke6 56. a4 Kd7 57. a5 Kc8 58. a6 Kb8 59. Kc3 Bf6+ 60. Kd2 Bg5+ 61. Ke2 Ka8 62. Bb6 Bf4 63. c5 Kb8 64. c6 Ka8 65. Be3 Bd6 66. Kf2 Be5 67. Kg2 Bd6 68. Kh3 Be5 69. Kg4 Bd6 70. Kf5 Bc7 71. Kxe4 Ba5 72. Kd5 Bc7 73. Bd4 Bd8 74. Kd6 Bc7+ 75. Kd7 Ba5 76. Bf6 1-0

[Event "Regionalliga NW 1516"]
[Site "Bayern"]
[Date "2015.11.15"]
[Round "3.1"]
[White "Rupp, Markus"]
[Black "Kopp, Andre"]
[Result "1/2-1/2"]
[WhiteElo "2226"]
[BlackElo "2153"]
[PlyCount "82"]
[EventDate "2015.10.11"]
[EventType "team-tourn"]
[EventRounds "9"]
[EventCountry "GER"]
[SourceTitle "EXT 2018"]
[Source "ChessBase"]
[SourceDate "2017.10.13"]
[SourceVersion "1"]
[SourceVersionDate "2017.10.13"]
[SourceQuality "1"]
[WhiteTeam "Wuerzburg"]
[BlackTeam "Marktleuthen"]
[WhiteTeamCountry "GER"]
[BlackTeamCountry "GER"]

1. d4 Nf6 2. c4 g6 3. Nc3 Bg7 4. e4 d6 5. Nge2 0-0 6. Ng3 e5 7. d5 Ne8 8. Be2 Nd7 9. h4 f5 10. exf5 gxf5 11. Nh5 Qe7 12. Bg5 Ndf6 13. Nxg7 Kxg7 14. Qd2 Kh8 15. 0-0-0 a6 16. f4 Bd7 17. a3 Rb8 18. Qe3 b5 19. Qa7 Rb6 20. Rhe1 e4 21. cxb5 axb5 22. Qa5 Qg7 23. Bxb5 h6 24. Bxf6 Nxf6 25. Bf1 Rfb8 26. Rd2 Qg3 27. Red1 Qxf4 28. Ne2 Qe5 29. Qc3 Ba4 30. Re1 Ng4 31. b4 Bb5 32. Qxe5+ dxe5 33. Ng3 e3 34. Rc2 f4 35. Nf5 Bxf1 36. Rxf1 Rd8 37. Rxc7 Rxd5 38. Rc8+ Kh7 39. Rc7+ Kh8 40. Rc8+ Kh7 41. Rc7+ Kh8 1/2-1/2

[Event "Kiel op-A 26th"]
[Site "Kiel"]
[Date "2013.08.02"]
[Round "9"]
[White "Rupp, Markus"]
[Black "Berger, Joachim"]
[Result "1-0"]
[WhiteElo "2299"]
[BlackElo "1987"]
[PlyCount "61"]
[EventDate "2013.07.27"]
[EventType "swiss"]
[EventRounds "9"]
[EventCountry "GER"]
[SourceTitle "EXT 2018"]
[Source "ChessBase"]
[SourceDate "2017.10.13"]
[SourceVersion "1"]
[SourceVersionDate "2017.10.13"]
[SourceQuality "1"]

1. d4 d5 2. c4 e6 3. Nc3 c5 4. cxd5 exd5 5. Nf3 Nc6 6. g3 Nf6 7. Bg2 Be7 8. 0-0 0-0 9. Bg5 c4 10. Ne5 Be6 11. Nxc6 bxc6 12. b3 Rc8 13. bxc4 dxc4 14. Rb1 Qa5 15. Bd2 Bb4 16. Rxb4 Qxb4 17. Nd5 Qb2 18. Bc3 Qa3 19. Nxf6+ gxf6 20. Qd2 Rfd8 21. d5 Rxd5 22. Bxd5 cxd5 23. Bxf6 Kf8 24. Bc3 Rb8 25. Qf4 Qxc3 26. Qxb8+ Kg7 27. Qxa7 Qd2 28. Qe3 Qxa2 29. Qe5+ Kg6 30. f4 Bf5 31. g4 1-0

[Event "Kiel op-A 26th"]
[Site "Kiel"]
[Date "2013.07.27"]
[Round "2"]
[White "Ditmas, Hugh"]
[Black "Rupp, Markus"]
[Result "0-1"]
[WhiteElo "2019"]
[BlackElo "2299"]
[PlyCount "82"]
[EventDate "2013.07.27"]
[EventType "swiss"]
[EventRounds "9"]
[EventCountry "GER"]
[SourceTitle "EXT 2018"]
[Source "ChessBase"]
[SourceDate "2017.10.13"]
[SourceVersion "1"]
[SourceVersionDate "2017.10.13"]
[SourceQuality "1"]

1. d4 Nf6 2. c4 Nc6 3. Nc3 e5 4. d5 Ne7 5. Bg5 Ng6 6. h4 h6 7. Bxf6 Qxf6 8. h5 Ne7 9. Nb5 Nf5 10. a3 Qb6 11. Rb1 Nd6 12. Nxd6+ Qxd6 13. e3 c5 14. Ne2 Qa6 15. Nc3 d6 16. Bd3 f5 17. Qe2 Be7 18. Bc2 Bd7 19. g3 0-0 20. 0-0 Rae8 21. Qd3 e4 22. Qe2 Bf6 23. Nb5 Qb6 24. Qd2 Bxb5 25. cxb5 Qxb5 26. b4 c4 27. Qe2 Qxd5 28. Rfd1 Qe6 29. Ba4 Rc8 30. Qd2 Rfd8 31. Qd5 Qxd5 32. Rxd5 Be5 33. Rc1 Kf7 34. Bb5 c3 35. Ba4 Kf6 36. Bb3 Rc7 37. Rc2 b6 38. Rc1 Ra8 39. Bd1 a5 40. b5 Rac8 41. Rc2 Ke6 0-1

[Event "Kiel op-A 26th"]
[Site "Kiel"]
[Date "2013.07.27"]
[Round "1"]
[White "Rupp, Markus"]
[Black "Rohde, Patrick"]
[Result "1-0"]
[WhiteElo "2299"]
[BlackElo "1920"]
[PlyCount "65"]
[EventDate "2013.07.27"]
[EventType "swiss"]
[EventRounds "9"]
[EventCountry "GER"]
[SourceTitle "EXT 2018"]
[Source "ChessBase"]
[SourceDate "2017.10.13"]
[SourceVersion "1"]
[SourceVersionDate "2017.10.13"]
[SourceQuality "1"]

1. d4 Nf6 2. c4 g6 3. Nc3 Bg7 4. e4 d6 5. Nge2 0-0 6. Ng3 e5 7. d5 Nbd7 8. h4 h6 9. Be2 a6 10. Be3 Nxe4 11. Ngxe4 f5 12. Qc1 fxe4 13. Bxh6 Nc5 14. Bg5 Bf6 15. Qe3 Bxg5 16. hxg5 Nd3+ 17. Bxd3 exd3 18. Ne4 Bf5 19. Nf6+ Rxf6 20. gxf6 Qxf6 21. Qh6 Kf7 22. Qh7+ Qg7 23. Kd2 c6 24. f3 cxd5 25. cxd5 Bd7 26. Rac1 Rd8 27. Kxd3 Bb5+ 28. Ke3 Rd7 29. Rc8 Kf6 30. Qxg7+ Rxg7 31. Rhc1 Kf7 32. b3 a5 33. R1c7+ 1-0

[Event "Oberliga Bayern 1112"]
[Site "Bayern"]
[Date "2012.04.15"]
[Round "9.2"]
[White "Rupp, Markus"]
[Black "Neuschmied, Siegfried"]
[Result "1-0"]
[WhiteElo "2252"]
[BlackElo "2294"]
[PlyCount "141"]
[EventDate "2011.10.02"]
[EventType "team-tourn"]
[EventRounds "9"]
[EventCountry "GER"]
[SourceTitle "EXT 2015"]
[Source "ChessBase"]
[SourceDate "2014.11.20"]
[SourceVersion "1"]
[SourceVersionDate "2014.11.20"]
[SourceQuality "1"]
[WhiteTeam "Wuerzburg"]
[BlackTeam "Pang/Rosenheim"]
[WhiteTeamCountry "GER"]
[BlackTeamCountry "GER"]

1. d4 Nf6 2. c4 g6 3. Nc3 Bg7 4. e4 0-0 5. f3 d6 6. Be3 c5 7. dxc5 dxc5 8. Qxd8 Rxd8 9. Bxc5 Nc6 10. Nge2 Nd7 11. Be3 Nde5 12. Nf4 e6 13. Rc1 b6 14. Be2 Nd4 15. Nb5 Nec6 16. b3 Nxb5 17. cxb5 Nd4 18. Bc4 a6 19. a4 axb5 20. axb5 Bd7 21. Ne2 Nxb5 22. Bxb6 Rdb8 23. Bc5 Na3 24. Bxa3 Rxa3 25. 0-0 Bf6 26. Rc2 Kf8 27. Rd1 Ra7 28. Kf2 Rc7 29. g3 Be7 30. Nf4 Bc5+ 31. Ke2 Ke7 32. Ng2 Ra8 33. Ne3 Rca7 34. Bxe6 Bxe6 35. Rxc5 Ra2+ 36. Rd2 Bxb3 37. Rc7+ Kf8 38. Rb7 Rxd2+ 39. Kxd2 Ra2+ 40. Kc3 Be6 41. Rb2 Ra1 42. Kd4 Ra4+ 43. Kd3 Ra3+ 44. Ke2 Ra4 45. e5 g5 46. Kf2 Kg7 47. Re2 Kg6 48. Ng2 Bc4 49. Rc2 Be6 50. f4 gxf4 51. gxf4 Kf5 52. Rc3 Ra2+ 53. Kg3 Ke4 54. Re3+ Kd4 55. Rf3 Bd5 56. Rf2 Ra3+ 57. Kg4 Ra8 58. Kf5 Be6+ 59. Kf6 Ra6 60. Kg7 h5 61. f5 Bc4 62. Rf4+ Kxe5 63. Rxc4 Kxf5 64. Ne3+ Ke6 65. Re4+ Kd6 66. Kxf7 Ra2 67. h4 Ra8 68. Re6+ Kc5 69. Kg6 Rh8 70. Re5+ Kd4 71. Rxh5 1-0

[Event "Oberliga Bayern 1011"]
[Site "Germany"]
[Date "2011.04.10"]
[Round "9.2"]
[White "Wagner, Florian"]
[Black "Rupp, Markus"]
[Result "1-0"]
[WhiteElo "2221"]
[BlackElo "2215"]
[PlyCount "141"]
[EventDate "2010.10.10"]
[EventType "team-tourn"]
[EventRounds "9"]
[EventCountry "GER"]
[SourceTitle "EXT 2012"]
[Source "ChessBase"]
[SourceDate "2011.11.24"]
[SourceVersion "1"]
[SourceVersionDate "2011.11.24"]
[SourceQuality "1"]
[WhiteTeam "Nuernberg NT"]
[BlackTeam "Wuerzburg"]
[WhiteTeamCountry "GER"]
[BlackTeamCountry "GER"]

1. g3 d5 2. Bg2 Nf6 3. Nf3 Bg4 4. 0-0 Nbd7 5. d3 e6 6. Qe1 Bd6 7. e4 dxe4 8. dxe4 e5 9. Nbd2 Nb6 10. Nb3 0-0 11. Na5 Rb8 12. Bd2 Re8 13. h3 Be6 14. Qe2 h6 15. Rfd1 Qc8 16. Kh2 Na4 17. b3 Nc5 18. Ne1 Nfd7 19. c4 Bf8 20. Nc2 c6 21. b4 Na4 22. Ne3 Qc7 23. Be1 b6 24. Nb3 Nf6 25. Rac1 Qb7 26. f4 Qc7 27. Nd5 cxd5 28. cxd5 Qd6 29. dxe6 Qxe6 30. f5 Qe7 31. Qb5 Nb2 32. Rd2 Qxb4 33. Qxb4 Bxb4 34. Rxb2 Ba3 35. Bc3 Rbc8 36. Rbc2 Bxc1 37. Rxc1 Re7 38. Bb2 Rxc1 39. Nxc1 Rc7 40. Nd3 Rc2 41. Bxe5 Rxa2 42. Bb2 Nd7 43. e5 Nc5 44. Nxc5 Rxb2 45. Nd7 Rd2 46. e6 fxe6 47. fxe6 b5 48. Kg1 b4 49. Bf1 Rd4 50. Kf2 b3 51. Ke3 b2 52. Kxd4 b1Q 53. Bc4 Qb2+ 54. Kc5 Qa3+ 55. Kc6 Qe7 56. Ne5 g5 57. Kd5 Kg7 58. Nc6 Qc7 59. e7 Kf7 60. Kc5+ Ke8 61. Bd3 Qxe7+ 62. Nxe7 Kxe7 63. Kd5 Kf6 64. Ba6 h5 65. Be2 h4 66. g4 a5 67. Bb5 Kf7 68. Ke5 Kg6 69. Ke6 Kg7 70. Kf5 Kh6 71. Bc6 1-0

[Event "Oberliga Bayern 1011"]
[Site "Germany"]
[Date "2011.02.27"]
[Round "7.2"]
[White "Rupp, Markus"]
[Black "Ruecker, Benjamin"]
[Result "1-0"]
[WhiteElo "2215"]
[BlackElo "2255"]
[PlyCount "67"]
[EventDate "2010.10.10"]
[EventType "team-tourn"]
[EventRounds "9"]
[EventCountry "GER"]
[SourceTitle "EXT 2012"]
[Source "ChessBase"]
[SourceDate "2011.11.24"]
[SourceVersion "1"]
[SourceVersionDate "2011.11.24"]
[SourceQuality "1"]
[WhiteTeam "Wuerzburg"]
[BlackTeam "Regensburg Fortuna"]
[WhiteTeamCountry "GER"]
[BlackTeamCountry "GER"]

1. d4 d5 2. c4 c6 3. Nf3 Nf6 4. Nc3 e6 5. e3 a6 6. b3 Bb4 7. Bd2 0-0 8. Bd3 Nbd7 9. 0-0 Bd6 10. e4 dxc4 11. bxc4 e5 12. d5 h6 13. h3 Re8 14. Re1 Nh5 15. Bf1 Qf6 16. Be3 Nc5 17. g3 g5 18. Nd2 Ng7 19. Nb3 Qe7 20. Rb1 Nxb3 21. Rxb3 f5 22. exf5 Nxf5 23. Ne4 c5 24. Qh5 Kg7 25. Rb6 Rd8 26. Nxd6 Nxd6 27. Bxc5 Qc7 28. Rxd6 Rxd6 29. Bxd6 Qxd6 30. Qe8 b5 31. c5 Qxd5 32. Rxe5 Bb7 33. Rxd5 Rxe8 34. Rd7+ 1-0

[Event "Oberliga Bayern 0910"]
[Site "Bayern"]
[Date "2010.03.21"]
[Round "8.3"]
[White "Seibold, Hubert"]
[Black "Rupp, Markus"]
[Result "0-1"]
[WhiteElo "2123"]
[BlackElo "2238"]
[PlyCount "130"]
[EventDate "2009.10.18"]
[EventType "team-tourn"]
[EventRounds "9"]
[EventCountry "GER"]
[SourceTitle "EXT 2011"]
[Source "ChessBase"]
[SourceDate "2010.11.26"]
[SourceVersion "1"]
[SourceVersionDate "2010.11.26"]
[SourceQuality "1"]
[WhiteTeam "Zirndorf"]
[BlackTeam "Wuerzburg"]
[WhiteTeamCountry "GER"]
[BlackTeamCountry "GER"]

1. e4 e6 2. d4 d5 3. Nc3 Nf6 4. Bg5 Bb4 5. exd5 Qxd5 6. Nf3 Ne4 7. Bd2 Bxc3 8. bxc3 Nxd2 9. Qxd2 0-0 10. c4 Qd6 11. Bd3 c5 12. c3 Nd7 13. 0-0 b6 14. Rab1 Bb7 15. dxc5 Qxc5 16. Rb5 Qc7 17. Rh5 Nf6 18. Rh3 Rfd8 19. Qe3 Bxf3 20. Qxf3 Qe5 21. Rb1 Rac8 22. Rg3 Kf8 23. h4 Qxc3 24. Qe3 h6 25. Rh3 Rc5 26. Qe2 Re5 27. Qf1 Qd2 28. Rd1 Qb4 29. Be2 Rxd1 30. Qxd1 Ke7 31. Rd3 Qc5 32. Bf1 Qc7 33. g3 Rc5 34. Rd4 Rc6 35. Qf3 Rd6 36. Rxd6 Qxd6 37. Qb7+ Qd7 38. Qa8 Ng4 39. Qf3 f5 40. Bh3 Ne5 41. Qc3 Qd6 42. Bf1 Kf7 43. Be2 Nc6 44. Bh5+ Kf8 45. Qc2 Kg8 46. Qa4 Kh7 47. Be8 Ne5 48. Bh5 Qd4 49. Be2 Qe4 50. Qd1 Nxc4 51. g4 Ne5 52. gxf5 exf5 53. h5 Qf4 54. Qd5 Ng4 55. Qg2 Qc1+ 56. Bf1 Qg5 57. Bd3 Qxh5 58. Qf3 Kg6 59. Qg3 Qg5 60. f4 Qh5 61. Bb5 Kh7 62. Bc6 Nf6 63. Bg2 Qd1+ 64. Kh2 Ng4+ 65. Kh3 Qg1 0-1

[Event "Oberliga Bayern 0910"]
[Site "Bayern"]
[Date "2010.01.24"]
[Round "5.3"]
[White "Rupp, Markus"]
[Black "Schneider, Stefan"]
[Result "1/2-1/2"]
[WhiteElo "2238"]
[BlackElo "2311"]
[PlyCount "81"]
[EventDate "2009.10.18"]
[EventType "team-tourn"]
[EventRounds "9"]
[EventCountry "GER"]
[SourceTitle "EXT 2011"]
[Source "ChessBase"]
[SourceDate "2010.11.26"]
[SourceVersion "1"]
[SourceVersionDate "2010.11.26"]
[SourceQuality "1"]
[WhiteTeam "Wuerzburg"]
[BlackTeam "Bayern Muenchen II"]
[WhiteTeamCountry "GER"]
[BlackTeamCountry "GER"]

1. d4 Nf6 2. c4 c6 3. Nc3 d5 4. Nf3 a6 5. cxd5 cxd5 6. Bf4 Nc6 7. Rc1 Bf5 8. e3 Rc8 9. Ne5 Nxe5 10. dxe5 Ne4 11. Nxe4 Rxc1 12. Qxc1 Bxe4 13. e6 Qa5+ 14. Ke2 fxe6 15. f3 Bf5 16. Be5 Qxa2 17. Qc8+ Kf7 18. Qxb7 Qc4+ 19. Kf2 Qc2+ 20. Be2 Bd3 21. Re1 Rg8 22. Qb4 g5 23. Qd4 Bb5 24. e4 g4 25. exd5 gxf3 26. dxe6+ Kxe6 27. gxf3 Bxe2 28. Bd6 Bg7 29. Qb6 Kd7 30. Rxe2 Bd4+ 31. Qxd4 Rg2+ 32. Kxg2 Qxe2+ 33. Kg3 exd6 34. Qa7+ Kc6 35. Qa8+ Kc5 36. Qa7+ Kc6 37. Qa8+ Kc5 38. Qa7+ Kc6 39. Qa8+ Kb6 40. Qb8+ Kc6 41. Qa8+ 1/2-1/2